[Event "First Saturday 2011 november"]
[Site "Budapest"]
[Date "2011.11.09"]
[Round "5"]
[White "Holm, Sejer"]
[Black "Keschitz, Gyorgy"]
[Result "1-0"]
[WhiteElo "2222"]
[BlackElo "2315"]
[PlyCount "93"]
[EventDate "2011.11.05"]

1. d4 Nf6 2. c4 g6 3. d5 Bg7 4. Nc3 d6 5. e4 c6 6. Bd3 O-O 7. Nf3 a6 8. O-O b5
9. dxc6 bxc4 10. Bxc4 Nxc6 11. h3 Bb7 12. Qe2 Nd7 13. Rd1 Nb6 14. Bd3 Nb4 15.
Bb1 a5 16. a3 Ba6 17. Qe1 Nc6 18. Ba2 Rc8 19. Bf4 Nd7 20. Rac1 Nce5 21. Nxe5
Nxe5 22. Qe3 Rb8 23. Rb1 e6 24. Rd2 Qc7 25. Rbd1 Rb6 26. Bh6 Rfb8 27. Bxg7 Kxg7
28. f4 Nc4 29. Bxc4 Bxc4 30. Qf2 Bb3 31. Re1 Rc6 32. f5 Qb6 33. f6+ Kf8 34. Re3
Qc5 35. Qf4 Ke8 36. Kh2 Qe5 37. Qxe5 dxe5 38. Red3 Rcc8 39. Rd7 Rd8 40. Re7+
Kf8 41. Rxd8+ Rxd8 42. Ra7 h6 43. Rxa5 Kg8 44. Rxe5 Rd2 45. Rb5 Rxb2 46. a4 g5
47. a5 1-0

[Event "First Saturday 2011 november"]
[Site "Budapest"]
[Date "2011.11.09"]
[Round "5"]
[White "Coleman, Teddy"]
[Black "Citak, Selim"]
[Result "1/2-1/2"]
[WhiteElo "2310"]
[BlackElo "2363"]
[PlyCount "63"]
[EventDate "2011.11.05"]

1. d4 d5 2. c4 e6 3. Nc3 Be7 4. cxd5 exd5 5. Nf3 c6 6. Bf4 Bd6 7. Bg5 Ne7 8. e3
Bf5 9. Qb3 Qb6 10. Bh4 Qxb3 11. axb3 Nd7 12. Kd2 O-O 13. Ne1 Bg6 14. Bg3 Nf5
15. Bxd6 Nxd6 16. f3 Rfe8 17. Bd3 Re7 18. Bxg6 hxg6 19. Nc2 a6 20. Kd3 Rae8 21.
Rae1 f6 22. b4 Kf7 23. b3 Rh8 24. Na4 Rh4 25. h3 g5 26. Nc5 Nf8 27. Rhf1 Ng6
28. Kd2 Ke8 29. Nd3 Kd7 30. Nf2 Nf5 31. Ra1 Kc7 32. Rfe1 1/2-1/2

[Event "First Saturday 2011 november"]
[Site "Budapest"]
[Date "2011.11.10"]
[Round "6"]
[White "Citak, Selim"]
[Black "Szalanczy, Emil"]
[Result "1-0"]
[WhiteElo "2363"]
[BlackElo "2281"]
[PlyCount "97"]
[EventDate "2011.11.05"]

1. d4 c5 2. d5 e6 3. c4 exd5 4. cxd5 d6 5. Nc3 g6 6. e4 Bg7 7. Bd3 Nh6 8. Bf4
Ng4 9. Nf3 Nd7 10. Bxd6 Qb6 11. Nb5 c4 12. Nc7+ Kd8 13. Bg3 Qb4+ 14. Kf1 Nge5
15. Nxa8 Nxd3 16. Rb1 N7c5 17. Ng5 Rf8 18. Bd6 h6 19. Bxf8 Bxf8 20. Nxf7+ Ke7
21. Qf3 Qd2 22. Nd6 Kxd6 23. Qxf8+ Ke5 24. Kg1 Bf5 25. Rf1 Bxe4 26. h4 Kxd5 27.
Qf7+ Kc6 28. Qxc4 Qxb2 29. Rh3 Bd5 30. Qg4 Be6 31. Qf3+ Bd5 32. Qf8 Be4 33.
Qe8+ Kd5 34. Nc7+ Kc4 35. Qf7+ Kb4 36. Re3 Qd4 37. Rb1+ Ka4 38. Ne6 Nxe6 39.
Qxe6 Nc5 40. Rxe4 Nxe6 41. Rxd4+ Nxd4 42. Rxb7 a5 43. Rb6 Ka3 44. Rxg6 a4 45.
Ra6 Ne2+ 46. Kh2 Nc3 47. f4 Nxa2 48. f5 Nb4 49. Rd6 1-0

[Event "First Saturday 2011 november"]
[Site "Budapest"]
[Date "2011.11.10"]
[Round "6"]
[White "Keschitz, Gyorgy"]
[Black "Coleman, Teddy"]
[Result "0-1"]
[WhiteElo "2315"]
[BlackElo "2310"]
[PlyCount "78"]
[EventDate "2011.11.05"]

1. e4 c5 2. Nf3 e6 3. b4 cxb4 4. d4 Nf6 5. Bd3 Be7 6. O-O d5 7. e5 Nfd7 8. a3
Nc6 9. axb4 Nxb4 10. Be2 a6 11. c3 Nc6 12. h4 h6 13. h5 Rb8 14. Ne1 b5 15. f4
Qb6 16. Nc2 a5 17. Kh1 b4 18. cxb4 axb4 19. Bb2 O-O 20. Rf3 f6 21. f5 fxe5 22.
fxe6 e4 23. exd7 exf3 24. dxc8=Q fxg2+ 25. Kxg2 Rbxc8 26. Ne3 Bd6 27. Bf3 Qd8
28. Bxd5+ Kh8 29. Qg4 Qf6 30. Bf3 Rce8 31. Nf1 Ne7 32. Nbd2 Nf5 33. Kh3 Ne3 34.
Nxe3 Rxe3 35. Rf1 Rd3 36. Bc1 b3 37. Rf2 Bb4 38. Kg2 Bxd2 39. Bxd2 Rxf3 0-1

[Event "First Saturday 2011 november"]
[Site "Budapest"]
[Date "2011.11.10"]
[Round "6"]
[White "Szamoskozy, Gabor"]
[Black "Holm, Sejer"]
[Result "0-1"]
[WhiteElo "2378"]
[BlackElo "2222"]
[PlyCount "92"]
[EventDate "2011.11.05"]

1. e4 e6 2. d4 d5 3. Nd2 dxe4 4. Nxe4 Nd7 5. Nf3 Ngf6 6. Nxf6+ Nxf6 7. c3 Bd6
8. g3 b6 9. Bg2 Bb7 10. O-O O-O 11. h3 c5 12. Be3 Qc7 13. Qe2 c4 14. Nd2 Bxg2
15. Kxg2 b5 16. Qf3 Nd5 17. Ne4 a5 18. Rac1 h6 19. a3 Be7 20. Kh2 Rad8 21. Bf4
Nxf4 22. Qxf4 Qxf4 23. gxf4 f5 24. Ng3 Bd6 25. Ne2 Kf7 26. Kg3 Ke7 27. Kf3 g5
28. Rg1 Rg8 29. Rcd1 Bc7 30. d5 Rxd5 31. Rxd5 exd5 32. fxg5 Rxg5 33. Re1 Kd7
34. Nd4 Rh5 35. Nxb5 Rxh3+ 36. Ke2 Bb6 37. Rd1 Ke6 38. Rg1 Kf6 39. Rd1 Ke5 40.
Rg1 Rh2 41. Rg6 Rxf2+ 42. Ke1 Be3 43. Nd4 Ke4 44. Ne2 Rh2 45. Kf1 f4 46. Rg4
Kf3 0-1

[Event "First Saturday 2011 november"]
[Site "Budapest"]
[Date "2011.11.10"]
[Round "6"]
[White "Csonka, Balazs"]
[Black "Hou, Qiang"]
[Result "1-0"]
[WhiteElo "2303"]
[BlackElo "2322"]
[PlyCount "109"]
[EventDate "2011.11.05"]

1. e4 e5 2. Nf3 Nc6 3. Bb5 a6 4. Ba4 Nf6 5. O-O Be7 6. Bxc6 dxc6 7. d3 Nd7 8.
Nbd2 f6 9. Nc4 Nc5 10. Re1 Be6 11. Qe2 Qd7 12. b3 O-O-O 13. Be3 Bg4 14. h3 Be6
15. a4 Bxc4 16. bxc4 a5 17. Nd2 h5 18. Reb1 Ne6 19. Nb3 Bb4 20. Bd2 Bxd2 21.
Qxd2 b6 22. c5 Qe7 23. cxb6 cxb6 24. Qe3 Kc7 25. Rb2 Nc5 26. Nxc5 Qxc5 27. Qxc5
bxc5 28. Rab1 c4 29. Rb7+ Kd6 30. Rxg7 Kc5 31. Ra7 Ra8 32. Rc7 Rab8 33. Rxb8
Rxb8 34. dxc4 Rb4 35. Rf7 Rxc4 36. Rxf6 Rxe4 37. f3 Rf4 38. Rxf4 exf4 39. h4
Kd4 40. g4 fxg3 41. Kg2 c5 42. Kxg3 Ke3 43. f4 Ke4 44. c4 Kd4 45. f5 Ke5 46. f6
Kxf6 47. Kf4 Ke6 48. Kg5 Ke5 49. Kxh5 Kd4 50. Kg4 Kxc4 51. h5 Kb3 52. h6 c4 53.
h7 c3 54. h8=Q Kb2 55. Kf3 1-0

[Event "First Saturday 2011 november"]
[Site "Budapest"]
[Date "2011.11.10"]
[Round "6"]
[White "Lyell, Mark"]
[Black "Farago, Sandor"]
[Result "0-1"]
[WhiteElo "2189"]
[BlackElo "2317"]
[PlyCount "100"]
[EventDate "2011.11.05"]

1. e4 g6 2. d4 Bg7 3. Nf3 d6 4. Bc4 Nf6 5. Qe2 Nc6 6. d5 Na5 7. Bd3 c5 8. c3
Nd7 9. Bf4 a6 10. O-O b5 11. Nbd2 Qc7 12. Rac1 Nb7 13. Rfe1 Ne5 14. Nxe5 dxe5
15. Be3 c4 16. Bb1 Nd6 17. f4 O-O 18. Qf2 exf4 19. Bxf4 e5 20. Be3 Qe7 21. b3
a5 22. Bc5 Ba6 23. a4 Bh6 24. axb5 Bxb5 25. bxc4 Bxd2 26. Qxd2 Bxc4 27. Bd3
Rfc8 28. Ba3 Qa7+ 29. Kh1 Nb5 30. Bxc4 Rxc4 31. Qb2 Qd7 32. Rb1 Nxc3 33. Rbc1
Rac8 34. h3 f6 35. Qb6 Kg7 36. Rxc3 Rxc3 37. Qxa5 Qb7 38. d6 Rd3 39. Qa4 Ra8
40. Qb4 Qa6 41. Bb2 Rd8 42. Kh2 Qxd6 43. Qa5 Rd7 44. Rc1 Rb3 45. Bc3 Qb6 46.
Qa4 Qb5 47. Qa8 Qb7 48. Qe8 Re7 49. Qa4 Rc7 50. Qa5 Rc4 {after 6 move} 0-1

[Event "First Saturday 2011 november"]
[Site "Budapest"]
[Date "2011.11.10"]
[Round "6"]
[White "Meurs, Tom"]
[Black "Lengyel, Bela"]
[Result "0-1"]
[WhiteElo "2247"]
[BlackElo "2258"]
[PlyCount "106"]
[EventDate "2011.11.05"]

1. e4 e5 2. Nf3 Nc6 3. Bb5 a6 4. Ba4 Nf6 5. O-O Be7 6. Re1 b5 7. Bb3 d6 8. c3
O-O 9. h3 Na5 10. Bc2 c5 11. d4 Qc7 12. Nbd2 Nc6 13. d5 Na5 14. b3 Bd7 15. Nf1
Rfb8 16. a4 bxa4 17. bxa4 c4 18. N1d2 Nb3 19. Bxb3 cxb3 20. Bb2 Be8 21. Nxb3
Nd7 22. Ra2 Nb6 23. a5 Na4 24. Nfd2 Nxb2 25. Rxb2 Qxc3 26. Rc2 Qb4 27. Rc4 Qb7
28. Qc2 Bd8 29. Qa2 Bb5 30. Rc3 g6 31. Qa3 Qd7 32. Rec1 Ra7 33. Nc4 Bg5 34.
R1c2 Bxc4 35. Rxc4 Rab7 36. R2c3 f5 37. exf5 Qxf5 38. Nc1 Rb2 39. Rf3 Qd7 40.
h4 Bh6 41. Kh2 e4 42. Rf6 Bg7 43. Re6 Be5+ 44. Kg1 Qf7 45. Qe3 Rf8 46. Rxe4
Rxf2 47. R4xe5 dxe5 48. Nd3 Ra2 49. Qe4 Rxa5 50. Qxe5 Qf5 51. Qc7 Qxd5 52. Rd6
Ra1+ 53. Kh2 Qe4 0-1

[Event "First Saturday 2011 november"]
[Site "Budapest"]
[Date "2011.11.11"]
[Round "7"]
[White "Farago, Sandor"]
[Black "Meurs, Tom"]
[Result "1-0"]
[WhiteElo "2317"]
[BlackElo "2247"]
[PlyCount "49"]
[EventDate "2011.11.05"]

1. e4 e5 2. Nf3 Nc6 3. Bb5 a6 4. Ba4 Nf6 5. Qe2 b5 6. Bb3 Be7 7. c3 d5 8. d3
O-O 9. h3 Bb7 10. O-O Re8 11. Bg5 Na5 12. Bc2 h6 13. Bh4 dxe4 14. dxe4 Nd7 15.
Bg3 Bf6 16. Nbd2 c5 17. Rfd1 Qe7 18. Nf1 Nb6 19. Ne3 Nac4 20. Nf5 Qf8 21. b3
Na3 22. Rd6 Nc8 23. Nxh6+ Kh8 24. Rd7 Nd6 25. Rxd6 1-0

[Event "First Saturday 2011 november"]
[Site "Budapest"]
[Date "2011.11.11"]
[Round "7"]
[White "Hou, Qiang"]
[Black "Lyell, Mark"]
[Result "1/2-1/2"]
[WhiteElo "2322"]
[BlackElo "2189"]
[PlyCount "118"]
[EventDate "2011.11.05"]

1. e4 e5 2. Nf3 Nc6 3. Bb5 f5 4. Nc3 fxe4 5. Nxe4 Nf6 6. Nxf6+ Qxf6 7. Qe2 Be7
8. Bxc6 bxc6 9. Nxe5 Qe6 10. Qe3 O-O 11. O-O c5 12. b3 d6 13. Nd3 Bh4 14. Qxe6+
Bxe6 15. Bb2 c4 16. bxc4 Bxc4 17. g3 Bg5 18. f4 Bd8 19. Bd4 c5 20. Bc3 Bb6 21.
a4 a6 22. Rab1 Ba7 23. Ba5 Rfe8 24. Bb6 Re2 25. Bxa7 Rxa7 26. Rf2 Rae7 27. Rb6
R7e4 28. Rxe2 Rxe2 29. Rxd6 Bxd3 30. Rxd3 Kf7 31. Rd5 c4 32. c3 Kf6 33. g4 g6
34. Rd6+ Ke7 35. Rxa6 Kd7 36. Ra7+ Kd6 37. f5 gxf5 38. gxf5 Rxd2 39. f6 Ke6 40.
f7 Rd8 41. Kf2 Kf6 42. Rc7 Kg7 43. Rxc4 Rd2+ 44. Kg3 Kxf7 45. h4 Kf6 46. Rc5
Rd1 47. Kg4 Ra1 48. a5 Ke6 49. Kh5 Kd6 50. Rb5 Ra4 51. Kg5 Rc4 52. a6 Ra4 53.
Rf5 Ke7 54. Re5+ Kf7 55. Rc5 Rxa6 56. Rc7+ Kg8 57. c4 Ra5+ 58. Kh6 Kf8 59. Rc8+
Kf7 {after 30 move} 1/2-1/2

[Event "First Saturday 2011 november"]
[Site "Budapest"]
[Date "2011.11.11"]
[Round "7"]
[White "Holm, Sejer"]
[Black "Csonka, Balazs"]
[Result "1/2-1/2"]
[WhiteElo "2222"]
[BlackElo "2303"]
[PlyCount "81"]
[EventDate "2011.11.05"]

1. d4 d5 2. Nf3 c6 3. c4 Nf6 4. Nc3 a6 5. e3 b5 6. b3 Bg4 7. Bd3 e6 8. Bb2 Nbd7
9. a4 bxc4 10. bxc4 Bb4 11. O-O O-O 12. h3 Bh5 13. Ne2 Bg6 14. Nf4 Bxd3 15.
Nxd3 Bd6 16. Qc2 a5 17. Ba3 Qe7 18. Bxd6 Qxd6 19. Rfc1 h6 20. Rab1 Rfb8 21.
Rxb8+ Rxb8 22. cxd5 cxd5 23. Qc7 Qa3 24. Nfe5 Rf8 25. Nxd7 Nxd7 26. Qxd7 Qxd3
27. g3 g6 28. g4 Qe2 29. Kg2 h5 30. gxh5 Qxh5 31. Rc8 Qg5+ 32. Kf1 Qh4 33.
Rxf8+ Kxf8 34. Ke2 Qh5+ 35. Kd2 Qf5 36. Qd8+ Kg7 37. f4 Qxh3 38. Qxa5 Qg2+ 39.
Kd3 Qf1+ 40. Kd2 Qf2+ 41. Kd3 1/2-1/2

[Event "First Saturday 2011 november"]
[Site "Budapest"]
[Date "2011.11.11"]
[Round "7"]
[White "Coleman, Teddy"]
[Black "Szamoskozy, Gabor"]
[Result "0-1"]
[WhiteElo "2310"]
[BlackElo "2378"]
[PlyCount "122"]
[EventDate "2011.11.05"]

1. d4 c5 2. d5 e6 3. c4 exd5 4. cxd5 d6 5. Nc3 g6 6. e4 Bg7 7. Nge2 Nd7 8. Nb5
Ne5 9. f4 a6 10. fxe5 axb5 11. exd6 Nf6 12. e5 Ng4 13. Nf4 Nxe5 14. Bxb5+ Bd7
15. Be2 O-O 16. O-O Qb6 17. Qe1 Qxd6 18. Qf2 Rae8 19. Kh1 Bg4 20. Bb5 Bd7 21.
Be2 Ng4 22. Bxg4 Bxg4 23. Be3 b6 24. h3 Bf5 25. Rad1 Re4 26. Ne2 Qe5 27. Bf4
Rxe2 28. Bxe5 Rxf2 29. Rxf2 Bxe5 30. a4 Be4 31. Rfd2 Rd8 32. Ra1 Rxd5 33. Rxd5
Bxd5 34. a5 bxa5 35. Rxa5 Bxb2 36. Rxc5 Be6 37. Rb5 Bd4 38. Kh2 Kg7 39. Ra5 h5
40. h4 Kf6 41. g3 Bg4 42. Kg2 Be5 43. Ra6+ Kf5 44. Ra7 f6 45. Rg7 Bd1 46. Rg8
Bc2 47. Kh3 Bd3 48. Rg7 Bc4 49. Kg2 Bd5+ 50. Kh3 Be4 51. Rg8 Ke6 52. Rg7 Kd5
53. Ra7 Kd4 54. Ra3 Bd3 55. Kg2 Ke3 56. Kh3 Ke2 57. Kg2 Be4+ 58. Kh2 Kf2 59.
Ra2+ Kf3 60. Ra3+ Kg4 61. Rb3 f5 0-1

[Event "First Saturday 2011 november"]
[Site "Budapest"]
[Date "2011.11.11"]
[Round "7"]
[White "Szalanczy, Emil"]
[Black "Keschitz, Gyorgy"]
[Result "1-0"]
[WhiteElo "2281"]
[BlackElo "2315"]
[PlyCount "97"]
[EventDate "2011.11.05"]

1. e4 c5 2. Nf3 Nc6 3. d4 cxd4 4. Nxd4 g6 5. Nc3 Bg7 6. Be3 Nf6 7. Bc4 Qa5 8.
O-O O-O 9. Bb3 d6 10. h3 Bd7 11. Re1 Rac8 12. Qd3 Ne5 13. Qe2 Qa6 14. Qxa6 bxa6
15. Rad1 Nc4 16. Bc1 Rc5 17. f4 Rb8 18. Nf3 Bc6 19. g4 a5 20. Rd4 Rb4 21. Rxc4
Rcxc4 22. Bxc4 Rxc4 23. Nd2 Rb4 24. a3 Rb8 25. Nc4 a4 26. Na5 Bd7 27. e5 dxe5
28. fxe5 Ne8 29. Rd1 Be6 30. Nc6 Rb7 31. Rd8 Kf8 32. Nxa4 Rc7 33. Nd4 Bd7 34.
Nc3 Bxe5 35. Bh6+ Kg8 36. Nde2 f6 37. Nd5 Rb7 38. b4 Kf7 39. c4 g5 40. Kf2 e6
41. Ne3 Bd6 42. Nd4 Be7 43. Ra8 Kg6 44. c5 Nc7 45. c6 Bxc6 46. Rg8+ Kxh6 47.
Nxc6 Nd5 48. Nxd5 exd5 49. Nd4 1-0

[Event "First Saturday 2011 november"]
[Site "Budapest"]
[Date "2011.11.11"]
[Round "7"]
[White "Szeberenyi, Adam"]
[Black "Citak, Selim"]
[Result "1/2-1/2"]
[WhiteElo "2324"]
[BlackElo "2363"]
[PlyCount "61"]
[EventDate "2011.11.05"]

1. d4 d5 2. c4 e6 3. Nf3 Nf6 4. Bg5 Be7 5. Nc3 h6 6. Bh4 O-O 7. e3 Ne4 8. Bxe7
Qxe7 9. cxd5 Nxc3 10. bxc3 exd5 11. Qb3 Rd8 12. Be2 c5 13. Qa3 Kf8 14. O-O cxd4
15. Qxe7+ Kxe7 16. cxd4 Nc6 17. Rab1 b6 18. Rfc1 Bb7 19. Ne1 g6 20. Nd3 Kd6 21.
Ne5 Nxe5 22. dxe5+ Ke7 23. Bg4 Bc8 24. Rc7+ Ke8 25. Bf3 Be6 26. Rbc1 Rd7 27. h3
Rxc7 28. Rxc7 Kd8 29. Rb7 Kc8 30. Re7 Kd8 31. Rb7 1/2-1/2

[Event "First Saturday 2011 november"]
[Site "Budapest"]
[Date "2011.11.12"]
[Round "8"]
[White "Keschitz, Gyorgy"]
[Black "Szeberenyi, Adam"]
[Result "1-0"]
[WhiteElo "2315"]
[BlackElo "2324"]
[PlyCount "135"]
[EventDate "2011.11.05"]

1. Nf3 c5 2. e4 d6 3. c3 Nf6 4. d3 Bd7 5. Be2 Bc6 6. O-O Nbd7 7. a4 e6 8. Re1
Be7 9. h3 O-O 10. Bf4 Re8 11. Nbd2 Bf8 12. Bf1 e5 13. Bg5 d5 14. exd5 Bxd5 15.
Bh4 Qb6 16. Rb1 Qc6 17. Ng5 h6 18. Nge4 Nxe4 19. dxe4 Ba2 20. Ra1 Be6 21. Bc4
Be7 22. Bxe7 Rxe7 23. Qb3 Bxc4 24. Nxc4 Qe6 25. Ra3 Nf6 26. Ne3 Nxe4 27. Qxe6
Rxe6 28. Nc4 Nf6 29. Rb3 b6 30. Rxe5 Rae8 31. Rxe6 Rxe6 32. Ne3 Kf8 33. a5 bxa5
34. Rb8+ Re8 35. Rb5 Ne4 36. Rxa5 Re7 37. Nc4 Rc7 38. f3 Nf6 39. Kf2 Ke7 40.
Ra6 Nd5 41. g3 Rb7 42. f4 Nb6 43. Ne3 g6 44. Kf3 Nc8 45. Nc4 Nb6 46. Ne5 Nc8
47. Rc6 Nb6 48. Nd3 Na4 49. Nxc5 Nxc5 50. Rxc5 Kd6 51. b4 h5 52. g4 hxg4+ 53.
hxg4 Re7 54. c4 Rb7 55. Rd5+ Ke6 56. f5+ gxf5 57. gxf5+ Ke7 58. b5 Rb6 59. Ke4
a6 60. Kd4 axb5 61. cxb5 Rh6 62. Kc5 Rh1 63. b6 Rc1+ 64. Kb5 Rb1+ 65. Kc6 Rc1+
66. Kb7 Rb1 67. Kc7 Rc1+ 68. Kb8 1-0

[Event "First Saturday 2011 november"]
[Site "Budapest"]
[Date "2011.11.12"]
[Round "8"]
[White "Szamoskozy, Gabor"]
[Black "Szalanczy, Emil"]
[Result "0-1"]
[WhiteElo "2378"]
[BlackElo "2281"]
[PlyCount "140"]
[EventDate "2011.11.05"]

1. e4 c5 2. Nf3 d6 3. d4 cxd4 4. Nxd4 Nf6 5. Nc3 g6 6. Be3 Bg7 7. f3 Nc6 8. Qd2
O-O 9. Bc4 Bd7 10. O-O-O Ne5 11. Bb3 Rc8 12. h4 Nc4 13. Bxc4 Rxc4 14. h5 Nxh5
15. g4 Nf6 16. Kb1 Bxg4 17. fxg4 Nxg4 18. Qe2 Rxc3 19. bxc3 Qb6+ 20. Kc1 Nxe3
21. Qxe3 e6 22. Rh3 h5 23. Kd2 Rc8 24. Ne2 Qa5 25. Rg1 Rc5 26. Rf3 Qxa2 27. Qf4
e5 28. Qg5 Rc8 29. Rh3 d5 30. Rxh5 dxe4 31. Rh3 b5 32. Rd1 Qe6 33. Qh4 Bf6 34.
Qh7+ Kf8 35. Rg3 Rd8+ 36. Ke1 Rxd1+ 37. Kxd1 a5 38. Qh6+ Ke7 39. Qe3 Bh4 40.
Rg1 f5 41. Qc5+ Kf7 42. Qxb5 e3 43. Qb7+ Be7 44. Qb3 g5 45. Rh1 Qxb3 46. cxb3
f4 47. Kc2 Kg6 48. Ra1 Bd8 49. Rd1 Bf6 50. c4 e4 51. Rd5 f3 52. Ng3 g4 53. c5
Bh4 54. Rd6+ Kg5 55. Nxe4+ Kf4 56. c6 e2 57. c7 e1=Q 58. c8=Q Qxe4+ 59. Rd3 Kg3
60. Qc7+ Kg2 61. Qxa5 Be1 62. Qd8 g3 63. Kb2 f2 64. Rxg3+ Kxg3 65. Qg8+ Kf3 66.
Qf7+ Ke3 67. Ka2 Bc3 68. Qf8 Qc2+ 69. Ka3 Qb2+ 70. Ka4 Qa2+ 0-1

[Event "First Saturday 2011 november"]
[Site "Budapest"]
[Date "2011.11.12"]
[Round "8"]
[White "Csonka, Balazs"]
[Black "Coleman, Teddy"]
[Result "1/2-1/2"]
[WhiteElo "2303"]
[BlackElo "2310"]
[PlyCount "36"]
[EventDate "2011.11.05"]

1. d4 d5 2. c4 c6 3. Nf3 Nf6 4. Nc3 e6 5. Bg5 Be7 6. e3 O-O 7. Bd3 Nbd7 8. O-O
h6 9. Bh4 dxc4 10. Bxc4 b5 11. Bd3 Bb7 12. Qe2 b4 13. Na4 Qa5 14. b3 c5 15.
dxc5 Nxc5 16. Nxc5 Qxc5 17. Rac1 Qa5 18. Rfd1 Rac8 1/2-1/2

[Event "First Saturday 2011 november"]
[Site "Budapest"]
[Date "2011.11.12"]
[Round "8"]
[White "Lyell, Mark"]
[Black "Holm, Sejer"]
[Result "1/2-1/2"]
[WhiteElo "2189"]
[BlackElo "2222"]
[PlyCount "133"]
[EventDate "2011.11.05"]

1. e4 e6 2. d4 d5 3. Nc3 dxe4 4. Nxe4 Nd7 5. Nf3 Ngf6 6. Nxf6+ Nxf6 7. Bf4 Bd6
8. Be5 O-O 9. Bd3 b6 10. Qe2 Bb7 11. O-O-O Qe7 12. h4 Rfd8 13. Ng5 h6 14. f4
Nd5 15. Rdf1 Nb4 16. Bh7+ Kh8 17. Qh5 Bxe5 18. fxe5 Rf8 19. Be4 Bxe4 20. Nxe4
Nd5 21. g4 f6 22. g5 f5 23. Ng3 Qe8 24. gxh6 Qxh5 25. hxg7+ Kxg7 26. Nxh5+ Kh6
27. Nf4 Nxf4 28. Rxf4 c6 29. c4 Rg8 30. Rh2 Rad8 31. Rd2 Rg4 32. Rxg4 fxg4 33.
Kd1 Kh5 34. Ke1 Kxh4 35. Kf2 Kh3 36. Kg1 Kg3 37. Rg2+ Kf4 38. Rf2+ Ke4 39. Rf6
Rxd4 40. Rxe6 Rxc4 41. b3 Rc2 42. a4 a5 43. Re8 Kd5 44. Rb8 Kxe5 45. Rxb6 Kd5
46. Ra6 Rc5 47. Kf2 Kd4 48. Kg3 Kc3 49. Rb6 Rg5 50. Rb8 Rd5 51. Kxg4 Rd4+ 52.
Kf3 Rb4 53. Rc8 Kxb3 54. Rxc6 Rd4 55. Ke3 Rd8 56. Rb6+ Kxa4 57. Ke2 Ka3 58. Rb7
Rd4 59. Ke3 Rb4 60. Rh7 a4 61. Kd3 Rb8 62. Kc2 Ka2 63. Rc7 Rh8 64. Kc1 Rh1+ 65.
Kc2 a3 66. Rc8 Ka1 67. Rc7 1/2-1/2

[Event "First Saturday 2011 november"]
[Site "Budapest"]
[Date "2011.11.12"]
[Round "8"]
[White "Meurs, Tom"]
[Black "Hou, Qiang"]
[Result "0-1"]
[WhiteElo "2247"]
[BlackElo "2322"]
[PlyCount "94"]
[EventDate "2011.11.05"]

1. e4 e5 2. Nf3 Nc6 3. Bb5 a6 4. Ba4 Nf6 5. O-O Be7 6. Re1 b5 7. Bb3 d6 8. c3
O-O 9. h3 Nb8 10. d4 Nbd7 11. Nbd2 Bb7 12. Bc2 Re8 13. Nf1 Bf8 14. Ng3 g6 15.
b3 c6 16. Bb2 Qc7 17. a4 Bg7 18. Qd2 Rad8 19. Rad1 Nf8 20. c4 bxc4 21. bxc4
exd4 22. Bxd4 Ne6 23. Bc3 Rd7 24. Ba5 Qc8 25. Bb6 c5 26. a5 Bc6 27. Qc1 Qa8 28.
Rd5 Nf8 29. Red1 Bxd5 30. exd5 Rde7 31. Ba4 Rc8 32. Qf4 Qb8 33. Rb1 N8d7 34.
Bc6 Ne8 35. Qh4 Nef6 36. Nd2 Rce8 37. Nf3 Ne4 38. Re1 Bf6 39. Qg4 Nxg3 40. Rxe7
Rxe7 41. Qxg3 Ne5 42. Nd2 Bg7 43. Qh4 Qf8 44. Ne4 f6 45. Qf4 f5 46. Ng5 h6 47.
Ne6 Rxe6 0-1

[Event "First Saturday 2011 november"]
[Site "Budapest"]
[Date "2011.11.12"]
[Round "8"]
[White "Lengyel, Bela"]
[Black "Farago, Sandor"]
[Result "1/2-1/2"]
[WhiteElo "2258"]
[BlackElo "2317"]
[PlyCount "31"]
[EventDate "2011.11.05"]

1. e4 c5 2. Nf3 d6 3. d4 cxd4 4. Nxd4 Nf6 5. Nc3 a6 6. Be2 g6 7. O-O Bg7 8. Be3
Nbd7 9. a4 b6 10. f4 Bb7 11. Bf3 Qc7 12. Qe2 O-O 13. Rad1 Rac8 14. Kh1 e5 15.
fxe5 dxe5 16. Nb3 1/2-1/2

[Event "First Saturday 2011 november"]
[Site "Budapest"]
[Date "2011.11.13"]
[Round "9"]
[White "Hou, Qiang"]
[Black "Lengyel, Bela"]
[Result "0-1"]
[WhiteElo "2322"]
[BlackElo "2258"]
[PlyCount "120"]
[EventDate "2011.11.05"]

1. e4 e5 2. Nf3 Nc6 3. Bb5 a6 4. Ba4 Nf6 5. O-O Be7 6. Re1 b5 7. Bb3 d6 8. c3
O-O 9. h3 Na5 10. Bc2 c5 11. d4 Qc7 12. Nbd2 Nc6 13. d5 Na5 14. b3 Bd7 15. Nf1
Nb7 16. g4 h5 17. gxh5 Bxh3 18. N3h2 Qc8 19. Re3 Nh7 20. Ng3 Bg5 21. Rf3 f6 22.
Nf5 Bxf5 23. Rxf5 Nd8 24. Bxg5 Nxg5 25. Ng4 Ndf7 26. Kh2 Nh6 27. Nxh6+ gxh6 28.
Qe2 Ra7 29. Rf1 b4 30. c4 Qe8 31. Bd1 Rg7 32. Qe3 Re7 33. Bg4 Kg7 34. Rg1 a5
35. Rf3 a4 36. Rfg3 axb3 37. axb3 Ra7 38. Qe2 Qe7 39. Be6 Rfa8 40. Qg4 Kh8 41.
Qf5 Ra2 42. Rf3 Rf8 43. Qg4 f5 44. Rxf5 Rxf2+ 45. Rg2 Rxg2+ 46. Qxg2 Rxf5 47.
exf5 Kg7 48. Qa2 Qe8 49. Qa7+ Kf6 50. Qc7 Qxh5+ 51. Kg2 Qh3+ 52. Kg1 Qg3+ 53.
Kf1 e4 54. Qd8+ Ke5 55. Qh8+ Kf4 56. Qb2 Nf3 57. Qf2 Qxf2+ 58. Kxf2 Ke5 59. Ke3
Nd4 60. f6 Nxe6 0-1

[Event "First Saturday 2011 november"]
[Site "Budapest"]
[Date "2011.11.13"]
[Round "9"]
[White "Holm, Sejer"]
[Black "Meurs, Tom"]
[Result "1/2-1/2"]
[WhiteElo "2222"]
[BlackElo "2247"]
[PlyCount "93"]
[EventDate "2011.11.05"]

1. d4 d5 2. e3 Nf6 3. c4 c6 4. Bd3 g6 5. Nf3 Bg7 6. O-O O-O 7. Nc3 Nbd7 8. Qc2
a6 9. a4 Qc7 10. cxd5 cxd5 11. Qb3 Qd6 12. Qa3 Qxa3 13. Rxa3 b6 14. Bd2 Bb7 15.
Rb3 Bc6 16. Ra1 Rfc8 17. a5 b5 18. Na2 Ne4 19. Bb4 e5 20. Rd1 Bb7 21. Bb1 h6
22. Nc1 Rc4 23. Ne2 Rac8 24. Bd3 R4c7 25. Ne1 exd4 26. exd4 Bf8 27. Bxf8 Kxf8
28. f3 Nd6 29. Ra3 Nb8 30. b3 Bc6 31. Nc2 Nc4 32. Ra2 Bb7 33. Nb4 Nd6 34. Kf2
Ne8 35. Raa1 Nf6 36. Rac1 Nc6 37. Nxc6 Rxc6 38. Rxc6 Rxc6 39. Rc1 Rxc1 40. Nxc1
Nd7 41. Na2 Nb8 42. Nb4 Nc6 43. Nxc6 Bxc6 44. h4 Bd7 45. Ke3 Ke7 46. Kd2 Kd6
47. Ke3 1/2-1/2

[Event "First Saturday 2011 november"]
[Site "Budapest"]
[Date "2011.11.13"]
[Round "9"]
[White "Coleman, Teddy"]
[Black "Lyell, Mark"]
[Result "1-0"]
[WhiteElo "2310"]
[BlackElo "2189"]
[PlyCount "51"]
[EventDate "2011.11.05"]

1. c4 Nc6 2. Nc3 e5 3. g3 f5 4. Bg2 Nf6 5. d3 Bb4 6. Bd2 O-O 7. a3 Bxc3 8. Bxc3
d6 9. Nf3 Qe8 10. Qd2 a5 11. b4 axb4 12. axb4 Rxa1+ 13. Bxa1 b6 14. O-O Bb7 15.
Rc1 Qh5 16. c5 Ra8 17. cxd6 cxd6 18. Qb2 e4 19. b5 Na5 20. Rc7 Qg6 21. Nh4 Qg5
22. Qa2+ Kh8 23. Rxb7 Qc1+ 24. Bf1 exd3 25. exd3 Re8 26. Rf7 1-0

[Event "First Saturday 2011 november"]
[Site "Budapest"]
[Date "2011.11.13"]
[Round "9"]
[White "Szalanczy, Emil"]
[Black "Csonka, Balazs"]
[Result "1/2-1/2"]
[WhiteElo "2281"]
[BlackElo "2303"]
[PlyCount "84"]
[EventDate "2011.11.05"]

1. e4 e5 2. Nf3 Nc6 3. Bb5 a6 4. Ba4 Nf6 5. O-O Be7 6. Re1 b5 7. Bb3 O-O 8. h3
Bb7 9. c3 d5 10. d3 dxe4 11. dxe4 Qxd1 12. Bxd1 Nd7 13. Nbd2 Nc5 14. Bc2 Rfd8
15. Re3 a5 16. Nb3 f6 17. Nh4 a4 18. Nxc5 Bxc5 19. Rg3 Ne7 20. Bh6 Ng6 21. b4
Bb6 22. Nxg6 hxg6 23. Bc1 Kh7 24. Kf1 Rd6 25. Ke1 Rad8 26. Be3 Rd2 27. Rc1 Bxe3
28. Rxe3 Kg8 29. a3 Kf7 30. Re2 R2d6 31. f3 Ke7 32. Rd1 Rxd1+ 33. Bxd1 Bc8 34.
Rd2 Rxd2 35. Kxd2 Be6 36. Be2 Bc4 37. Bxc4 bxc4 38. Ke3 g5 39. g3 Ke6 40. f4 g4
41. f5+ Kf7 42. hxg4 g5 1/2-1/2

[Event "First Saturday 2011 november"]
[Site "Budapest"]
[Date "2011.11.13"]
[Round "9"]
[White "Szeberenyi, Adam"]
[Black "Szamoskozy, Gabor"]
[Result "1/2-1/2"]
[WhiteElo "2324"]
[BlackElo "2378"]
[PlyCount "22"]
[EventDate "2011.11.05"]

1. Nf3 c5 2. c4 Nc6 3. Nc3 g6 4. g3 Bg7 5. Bg2 Nf6 6. O-O O-O 7. d3 d5 8. cxd5
Nxd5 9. Nxd5 Qxd5 10. Be3 Qh5 11. Rc1 Bd4 1/2-1/2